| 000 | 01296nam a2200289 a 4500 | ||
|---|---|---|---|
| 001 | 000010686 | ||
| 003 | DO-SdBNP | ||
| 005 | 20240313182403.0 | ||
| 008 | 091009s1992 dr ac r 000 0 spa d | ||
| 040 |
_aDO-SdBNP _bspa _cBNPHU |
||
| 082 |
_a972.9302 _bS438L |
||
| 245 | 0 | 3 |
_aLa señal de la luz : _bel Faro a Colón, trayecto histórico 1852-1992 / _cedición Juan José Ayuso, José Israel Cuello. |
| 260 |
_aSanto Domingo : _bGrupo Selman, _c1992. |
||
| 300 |
_a153 p. : _bil., retrs. ; _c24 cm. |
||
| 500 | _aIncluye referencias bibliográficas y notas al pie de las páginas | ||
| 504 | _aBibliografía : p. 151 -153 | ||
| 505 | 0 |
_aEl labrado de mármol -- _tBreve descripción del proyecto y propuesta de lectura simbólica -- _tIngeniería de luces. (Iemca en el proyecto) 1986-1992 -- _tLa señal de la luz 1852-1992 -- _tApéndice -- _tBibliografía |
|
| 590 | _aInventariado, 2020/VM | ||
| 600 | 0 |
_aCOLÓN, CRISTOBAL, _d1436-1456 _919795 |
|
| 610 | 2 | 0 |
_aFaro a Colón (Santo Domingo, República Dominicana) _925881 |
| 650 | 4 |
_aMonumentos _zRepública Dominicana _925880 |
|
| 651 | 4 |
_aRepública Dominicana _xHistoria _9170 |
|
| 700 | 1 | 2 |
_aAyuso, Juan José _eed. _914332 |
| 700 | 1 | 2 |
_aCuello José Israel _eed. _925882 |
| 910 | _aValidado. Control de calidad. MFF | ||
| 942 |
_2ddc _cLBS1 |
||
| 999 |
_c10441 _d10441 |
||